LEADER 01017nam0 22002291i 450 001 UON00222773 005 20231205103422.614 100 $a20030730d1931 |0itac50 ba 101 $ahun 102 $aHU 105 $a|||| ||||| 200 1 $aHatvani István élete és muvei 1718-1786$eI.rész$eHatvani István élete és önéletrajza az ördöngösségérol szárnyrakelt mondák$fLósy- Schmidt Ede 210 $aDebrecen$cFobizományos Studium Könyvkiadó R.T$d1931. 218 p.$cill. ; 24 cm. 606 $aHATVANI ISTVAN$3UONC047446$2FI 676 $a894.511$cLetteratura ungherese$v21 700 1$aLOSY-SCHMIDT$bEde$3UONV134949$0685732 801 $aIT$bSOL$c20240220$gRICA 899 $aSIBA - SISTEMA BIBLIOTECARIO DI ATENEO$2UONSI 912 $aUON00222773 950 $aSIBA - SISTEMA BIBLIOTECARIO DI ATENEO$dSI RUSSO C 0137 $eSI MR 17578 5 0137 996 $aHatvani István élete és muvei 1718-1786$91269006 997 $aUNIOR